00358nam a2200133Ia 4500082001200000100001600012245004100028260002700069300001500096650001400111650003600125650003500161710002800196 aRB.0098 aBhatt, G.S. 0aWomen in Polyandry in Rawain Jaunpur c1988bICSSR, New Delhi a309p.+bib. aPOLYANDRY aWOMEN - UTTAR PRADESH - JAUNPUR aWOMEN - UTTAR PRADESH - REWAIN aD.A.V.College, Dehradun